| 000 | 00899cab a2200265 4500 | ||
|---|---|---|---|
| 001 | WB3221-40 | ||
| 008 | 090401t1996 xxu||||| |||| 00| 0 eng d | ||
| 035 | _a(Sirsi) u14015 | ||
| 041 | _aeng | ||
| 245 | _aMortgage valuation accreditation scheme | ||
| 260 | _c1996 | ||
| 350 | _a0 | ||
| 490 |
_aRICS Press Release _vPR62.comm 23 May 1996, (3) |
||
| 520 | _aThe Association of German Mortgage Banks is to create a Certification Agency under an agreement with the RICS for a new accreditation scheme for surveyors carrying out mortgage valuations. | ||
| 650 | _aASSOCIATION OF GERMAN MORTGAGE BANKS | ||
| 650 | _aCERTIFICATION AGENCY | ||
| 650 | _aGERMANY | ||
| 650 | _aMORTGAGE BANKS | ||
| 650 | _aMORTGAGE VALUATIONS | ||
| 650 | _aPROFESSIONAL DEVELOPMENT | ||
| 650 | _aRICS | ||
| 690 | _aMANAGEMENT-BUSINESS MANAGEMENT-PROFESSIONAL PRACTICE | ||
| 942 | _n0 | ||
| 948 | _c04/03/1997 | ||
| 999 |
_c9076 _d9076 |
||